| 000 | 00864nam a2200217 a 4500 | ||
|---|---|---|---|
| 008 | 120416s2000 ||||||||||||||||| || u | ||
| 020 | _a0883851644 | ||
| 050 | _aQA 445 GEO | ||
| 245 | 1 | 0 |
_aGeometry at work _cedited by Catherine A. Gorini |
| 246 | _aa collection of papers showing applications of geometry | ||
| 260 |
_aWashington, D.C. _bThe Mathematical Association of America _c2000 |
||
| 300 | _axvii, 217p. : ill. | ||
| 350 | _a0.00 | ||
| 490 | _aMAA notes | ||
| 490 | _vno. 52 | ||
| 650 | _aGeometry | ||
| 650 | 0 | _aMATHEMATICS--HANDBOOKS, MANUALS, ETC | |
| 856 | _uhttp://www.loc.gov/catdir/toc/cam027/00105196.html | ||
| 856 | _uhttp://www.loc.gov/catdir/description/cam021/00105196.html | ||
| 995 |
_D0.00 _FCBU-MAIN LIBRARY (Kitwe) _H1 _I31.00 _M1 _UAVAILABLE _ZMain Library Open Access Collection |
||
| 999 |
_c44506 _d44506 |
||